Представление документа в формате RUSMARC

ПолеНазваниеЗначение
  Тип записи c
  Библиографический уровень m
001 Контрольный номер UONB/MAIN/bced9378170b42429c9913bb5b56b425
005 Дата корректировки 20240717145940.2
010 Индекс ISBN __
9 Тираж 3730 экз.
013 Номер (ISMN) __
d Цена 26 к.
071 Издательские номер (звукозапись и ноты) 21
a Номер, присвоенный агентством 5163
100 Данные общей обработки __
a Данные общей обработки 20231213d1967 u y0rusy0189 ca
101 Язык документа 0_
a Язык текста rus
f Язык титульного листа rus
102 Страна публикации __
a Страна публикации RU
125 Кодированные данные звукозаписи и нотных изданий __
a Форма изложения нотного текста m
128 Кодированные данные (звукозаписи-физические характеристики) __
a Кодированные данные: Музыкальная форма и тональность или лад sg
b Инструменты или голоса, необходимые для ансамблей (устаревшее) ct
200 Заглавие и сведения об ответственности 1_
a Заглавие Русская зима
e Сведения, относящиеся к заглавию песни для хора в сопровождении баяна и без сопровождения
203 Вид содержания и тип средства __
a Вид содержания Музыка
b Характеристика содержания знаковая
c Тип средства непосредственная
210 Выходные данные 1_
a Место издания Москва
c Издательство Советский композитор
d Дата издания 1967
215 Физическое описание __
a Объем 22 с. включ. обл.
d Формат 29 см
225 Серия 1_
a Серия Репертуар русских народных хоров
v Обозначение тома вып. 13
327 Примечание о содержании 11
a Примечание о содержании Содерж. : Маслов Ф. Русская зима / сл. Б. Куликова. - Есть море на Дальнем Востоке / запись и обраб. Е. Конькова. - Савенков А. На виду у всех / сл. В. Семернина. - Весел я сегодняшний день / обраб. Еф. Адлера ; сл. нар. - Камалдинов Г. Травинка / сл. А. Прокофьева. - Михайлов В. Хорошо, когда ты молод! / сл. A. Пришельца. - Аверкин А. Переплыл ты мое сердце / сл. B. Бутенко и Г. Георгиева. - Блинов Ю. Запылали зарницы весенние / сл. Н. Карева.
464 Аналитический уровень _0
1 700 1
a Маслов
b Ф.
1 702 1
a Куликов
b Б.
4 520
1 2001
a Русская зима
1 036
t Ай да вьюга! Ай да вьюга!..
464 Аналитический уровень _0
1 702 1
a Слова народные
4 520
1 702 1
a Коньков
b Е.
4 030
1 2001
a Есть море на Дальнем Востоке
1 036
t Есть море на Дальнем Востоке...
464 Аналитический уровень _0
1 700 1
a Савенков
b А.
1 702 1
a Семернин
b В.
4 520
1 2001
a На виду у всех
1 036
t Ходит месяц под окошком...
464 Аналитический уровень _0
1 702 1
a Слова народные
4 520
1 702 1
a Адлер
b Еф.
4 030
1 2001
a Весел я сегодняшний день
1 036
t Весел я, весел я...
464 Аналитический уровень _0
1 700 1
a Камалдинов
b Г.
1 702 1
a Прокофьев
b А.
4 520
1 2001
a Травинка
1 036
t Как тебя другие называют...
464 Аналитический уровень _0
1 700 1
a Михайлов
b В.
1 702 1
a Пришелец
b А.
4 520
1 2001
a Хорошо, когда ты молод!
1 036
t Хорошо, когда ты молод и подружка молода!..
464 Аналитический уровень _0
1 700 1
a Аверкин
b А.
1 702 1
a Бутенко
b В.
4 520
1 702 1
a Георгиев
b Г.
4 520
1 2001
a Переплыл ты мое сердце
e страдания
1 036
t Звезды спят...
464 Аналитический уровень _0
1 700 1
a Блинов
b Ю.
1 702 1
a Карев
b Н.
4 520
1 2001
a Запылали зарницы весенние
1 036
t Запылали зарницы весенние...
512 Заглавие обложки 1_
a Заглавие обложки Русская зима
606 Тематические рубрики 0_
a Основная рубрика Хоры народные
x Основная подрубрика Песни советских композиторов
610 Ключевые слова 0_
a Ключевые слова хоры народные; песни советских композиторов
686 Индексы других классификаций __
a Классификационный индекс 85.941.12я43
2 Код системы rubbk
801 Источник записи _0
a Страна RU
b Организация Ульяновская ОНБ
c Дата составления 20231213
g Правила каталогизации RCR
801 Источник записи _1
a Страна RU
b Организация Ульяновская ОНБ
c Дата составления 20231213
g Правила каталогизации RCR
901 Тип документа __
t Тип документа m
909 Создатель записи __
a Создатель записи Грязнова И. Е.